[Event "2011 ECC Fall Sectional C"]
[Site "Edmonton"]
[Date "2011.10.29"]
[Round "2"]
[White "Sequillion, Aaron"]
[Black "Nolan, Pat"]
[Result "1-0"]
[WhiteElo "2054"]
[BlackElo "1543"]
[PlyCount "43"]
[EventDate "2011.10.28"]
[EventType "tourn"]
[EventRounds "5"]
[EventCountry "CAN"]

1. e4 c5 2. Nf3 d6 3. d4 cxd4 4. Nxd4 Nf6 5. Nc3 a6 6. Be3 Nc6 7. Qd2 e6 8. f3
Be7 9. g4 h6 10. O-O-O Bd7 11. h4 b5 12. Rg1 Nh7 13. g5 hxg5 14. hxg5 Ne5 15.
f4 Nc4 16. Bxc4 bxc4 17. f5 Nf8 18. g6 f6 19. fxe6 Nxe6 20. Nf5 Qa5 21. Nxe7
Kxe7 22. Qxd6+ 1-0

[Event "2011 ECC Fall Sectional C"]
[Site "Edmonton"]
[Date "2011.10.29"]
[Round "2"]
[White "Yao, David"]
[Black "Frier, Ken"]
[Result "0-1"]
[WhiteElo "1058"]
[BlackElo "1508"]
[PlyCount "78"]
[EventDate "2011.10.28"]
[EventType "tourn"]
[EventRounds "5"]
[EventCountry "CAN"]

1. d4 e6 2. c4 Nf6 3. Nc3 d5 4. Bg5 Be7 5. e3 O-O 6. Nf3 Re8 7. Bd3 Nbd7 8. e4
dxe4 9. Nxe4 Nxe4 10. Bxe7 Qxe7 11. Bxe4 Nf6 12. Bd3 b6 13. O-O Bb7 14. Re1 Qd6
15. Re3 Ng4 16. Re1 Bxf3 17. Qxf3 Qxh2+ 18. Kf1 Qh4 19. Qg3 Qxg3 20. fxg3 Rad8
21. Re4 Nf6 22. Rf4 Rd6 23. Re1 Red8 24. Rd1 Kf8 25. Bc2 c5 26. d5 exd5 27.
cxd5 Rxd5 28. Re1 Rd2 29. Re2 Rxe2 30. Kxe2 Rd6 31. Bb3 g6 32. g4 h6 33. Ke3
Kg7 34. Kf3 Rd4 35. g3 Rd6 36. Ke2 b5 37. a3 c4 38. Ba2 a6 39. Kf3 Rd2 0-1

[Event "2011 ECC Fall Sectional C"]
[Site "Edmonton"]
[Date "2011.10.29"]
[Round "3"]
[White "De Guzman, Jeff Anthony"]
[Black "Sequillion, Aaron"]
[Result "1/2-1/2"]
[WhiteElo "1662"]
[BlackElo "2054"]
[PlyCount "71"]
[EventDate "2011.10.28"]
[EventType "tourn"]
[EventRounds "5"]
[EventCountry "CAN"]

1. d4 Nf6 2. c4 g6 3. Nc3 d5 4. cxd5 Nxd5 5. e4 Nxc3 6. bxc3 Bg7 7. Nf3 c5 8.
Rb1 O-O 9. Be2 Qa5 10. Bd2 Qxa2 11. O-O Qe6 12. Re1 Qd6 13. Bg5 Nc6 14. Rb5
cxd4 15. Rd5 Qc7 16. cxd4 e5 17. dxe5 Nxe5 18. Nd4 a6 19. Qd2 Nc6 20. Rc1 Bd7
21. Nb5 axb5 22. Rxd7 Qe5 23. Rxb7 Nd4 24. Bd1 Qxe4 25. Rd7 Rfe8 26. Be3 Rad8
27. Bc2 Qg4 28. Rxd8 Rxd8 29. Bd1 Qe6 30. Qa5 Re8 31. Qb4 h5 32. h3 Nf5 33. Bb3
Qe7 34. Bc5 Qe2 35. Rd1 Be5 36. f4 1/2-1/2

[Event "2011 ECC Fall Sectional C"]
[Site "Edmonton"]
[Date "2011.10.29"]
[Round "3"]
[White "Frier, Ken"]
[Black "Nie, Mark"]
[Result "0-1"]
[WhiteElo "1508"]
[BlackElo "1459"]
[PlyCount "64"]
[EventDate "2011.10.28"]
[EventType "tourn"]
[EventRounds "5"]
[EventCountry "CAN"]

1. e4 c5 2. Nf3 d6 3. d4 cxd4 4. Nxd4 Nf6 5. Nc3 a6 6. Be2 e6 7. Be3 Be7 8. O-O
Nc6 9. f3 O-O 10. Qd2 Qc7 11. Kh1 b5 12. a3 Bb7 13. Rfd1 Ne5 14. Rac1 Nc4 15.
Bxc4 bxc4 16. Nde2 d5 17. exd5 exd5 18. Bd4 Rad8 19. Re1 Rfe8 20. Ng1 Nd7 21.
Re2 Bd6 22. h3 Bf4 23. Be3 Bxe3 24. Rxe3 Rxe3 25. Qxe3 Nf6 26. Qd2 Nh5 27. Nce2
d4 28. f4 Qc6 29. Nf3 d3 30. Re1 Qc7 31. cxd3 Rxd3 32. Nc3 h6 0-1

[Event "2011 ECC Fall Sectional C"]
[Site "Edmonton"]
[Date "2011.10.29"]
[Round "3"]
[White "Nolan, Pat"]
[Black "Yao, David"]
[Result "0-1"]
[WhiteElo "1543"]
[BlackElo "1058"]
[PlyCount "38"]
[EventDate "2011.10.28"]
[EventType "tourn"]
[EventRounds "5"]
[EventCountry "CAN"]

1. d4 Nf6 2. Nf3 e6 3. e3 d5 4. Bd3 Nc6 5. O-O Bd6 6. Nbd2 O-O 7. c3 Re8 8. Re1
e5 9. dxe5 Nxe5 10. Nxe5 Bxe5 11. e4 dxe4 12. Nxe4 Nxe4 13. Rxe4 Bf5 14. Re3
Bxd3 15. Rxd3 Qf6 16. Qg4 Bd4 17. Bf4 Be5 18. Bg5 Qg6 19. h3 Qxd3 0-1

[Event "2011 ECC Fall Sectional C"]
[Site "Edmonton"]
[Date "2011.10.30"]
[Round "4"]
[White "De Guzman, Jeff Anthony"]
[Black "Frier, Ken"]
[Result "1-0"]
[WhiteElo "1662"]
[BlackElo "1508"]
[PlyCount "85"]
[EventDate "2011.10.28"]
[EventType "tourn"]
[EventRounds "5"]
[EventCountry "CAN"]

1. d4 Nf6 2. c4 e6 3. Nc3 d5 4. cxd5 exd5 5. Bg5 Be7 6. e3 O-O 7. Bd3 Ne8 8.
Bxe7 Qxe7 9. Nxd5 Qd6 10. Nc3 Nf6 11. Nge2 c6 12. O-O Re8 13. Ng3 Nbd7 14. Nce4
Nxe4 15. Nxe4 Qe7 16. Qf3 Nf8 17. a3 Bd7 18. b4 Rad8 19. Nc5 Bc8 20. Bc4 Ne6
21. Nxe6 Bxe6 22. Bxe6 Qxe6 23. h3 Re7 24. Rfc1 Red7 25. Rc3 h6 26. a4 a6 27.
Qd1 Qe7 28. Qb3 Rd5 29. Rc5 Qd7 30. Rac1 Qe7 31. b5 Rxc5 32. Rxc5 axb5 33. axb5
cxb5 34. Rxb5 Rd7 35. Rc5 Qd6 36. Qb4 Rc7 37. Qc4 Rxc5 38. dxc5 Qc6 39. Qd4 Kh8
40. Qd6 Qb5 41. Qf8+ Kh7 42. Qxf7 Qxc5 43. Qxb7 1-0

[Event "2011 ECC Fall Sectional C"]
[Site "Edmonton"]
[Date "2011.10.30"]
[Round "4"]
[White "Nie, Mark"]
[Black "Nolan, Pat"]
[Result "0-1"]
[WhiteElo "1459"]
[BlackElo "1543"]
[PlyCount "56"]
[EventDate "2011.10.28"]
[EventType "tourn"]
[EventRounds "5"]
[EventCountry "CAN"]

1. Nf3 Nf6 2. g3 g6 3. Bg2 d5 4. d4 Bg7 5. O-O O-O 6. Nbd2 e6 7. c3 Nbd7 8. Re1
c6 9. e4 dxe4 10. Nxe4 Qc7 11. Nxf6+ Nxf6 12. Bf4 Qb6 13. b4 Nd5 14. Bd6 Rd8
15. Bc5 Qc7 16. c4 Nf6 17. b5 b6 18. Ba3 cxb5 19. Ne5 Bb7 20. cxb5 Bxg2 21.
Kxg2 Qc3 22. Nc6 Qxa3 23. Nxd8 Rxd8 24. Re3 Qb4 25. Rb1 Qxd4 26. Qxd4 Rxd4 27.
Ra3 Rd7 28. Rb4 Bf8 0-1

[Event "2011 ECC Fall Sectional C"]
[Site "Edmonton"]
[Date "2011.10.30"]
[Round "4"]
[White "Sequillion, Aaron"]
[Black "Yao, David"]
[Result "1-0"]
[WhiteElo "2054"]
[BlackElo "1058"]
[PlyCount "43"]
[EventDate "2011.10.28"]
[EventType "tourn"]
[EventRounds "5"]
[EventCountry "CAN"]

1. e4 e5 2. Nf3 Nf6 3. Nxe5 Qe7 4. d4 d6 5. Nf3 Nxe4 6. Be2 g6 7. O-O Bg7 8.
Re1 O-O 9. c4 Qd8 10. Bd3 Nf6 11. h3 Nc6 12. a3 Re8 13. Be3 d5 14. Nc3 Be6 15.
Ng5 h6 16. Nxe6 fxe6 17. Bxg6 Re7 18. cxd5 exd5 19. b4 a6 20. Rc1 Ne8 21. Qb3
Qd6 22. Nxd5 1-0

[Event "2011 ECC Fall Sectional C"]
[Site "Edmonton"]
[Date "2011.10.30"]
[Round "5"]
[White "Frier, Ken"]
[Black "Sequillion, Aaron"]
[Result "0-1"]
[WhiteElo "1508"]
[BlackElo "2054"]
[PlyCount "44"]
[EventDate "2011.10.28"]
[EventType "tourn"]
[EventRounds "5"]
[EventCountry "CAN"]

1. e4 e6 2. d4 d5 3. Nc3 Nf6 4. e5 Nfd7 5. f4 c5 6. Nf3 Nc6 7. Be2 Qb6 8. dxc5
Bxc5 9. Na4 Qa5+ 10. Nc3 d4 11. Bd2 dxc3 12. Bxc3 Bb4 13. Qd3 Nc5 14. Qe3 Na4
15. Bxb4 Qxb4+ 16. Qd2 Qxd2+ 17. Kxd2 O-O 18. Rab1 Rd8+ 19. Kc1 Nd4 20. Nxd4
Rxd4 21. g3 Bd7 22. b3 Nc3 0-1

[Event "2011 ECC Fall Sectional C"]
[Site "Edmonton"]
[Date "2011.10.30"]
[Round "5"]
[White "Nolan, Pat"]
[Black "De Guzman, Jeff Anthony"]
[Result "0-1"]
[WhiteElo "1543"]
[BlackElo "1662"]
[PlyCount "43"]
[EventDate "2011.10.28"]
[EventType "tourn"]
[EventRounds "5"]
[EventCountry "CAN"]

1. d4 Nf6 2. Nc3 d5 3. Nf3 e6 4. Bf4 c5 5. e3 Bd7 6. Be2 Qb6 7. b3 Qa5 8. Qd2
cxd4 9. Nd1 Bb4 10. c3 dxc3 11. Qc2 Bb5 12. Bxb5+ Qxb5 13. Be5 Nbd7 14. Bxc3
Rc8 15. a3 Bxc3+ 16. Nxc3 Qc5 17. Rc1 Ne4 18. Nd4 Qxc3+ 19. Qxc3 Rxc3 20. Rxc3
Nxc3 21. O-O O-O 22. Rc1 0-1

[Event "2011 ECC Fall Sectional C"]
[Site "Edmonton"]
[Date "2011.10.30"]
[Round "5"]
[White "Yao, David"]
[Black "Nie, Mark"]
[Result "0-1"]
[WhiteElo "1058"]
[BlackElo "1459"]
[PlyCount "58"]
[EventDate "2011.10.28"]
[EventType "tourn"]
[EventRounds "5"]
[EventCountry "CAN"]

1. d4 Nf6 2. c4 e6 3. Nc3 Bb4 4. Qc2 c5 5. e3 d5 6. Bd3 b6 7. a3 Bxc3+ 8. Qxc3
Bb7 9. Nf3 Nbd7 10. cxd5 Bxd5 11. Be2 O-O 12. O-O Ne4 13. Qc2 f5 14. Nd2 Ndf6
15. f3 Nxd2 16. Bxd2 cxd4 17. exd4 Rc8 18. Qd1 Bc4 19. Bxc4 Qxd4+ 20. Kh1 Rxc4
21. Qe2 Re8 22. Bc3 Qc5 23. Bxf6 gxf6 24. b4 Qc6 25. Qf2 Rc8 26. h3 e5 27. Rae1
Qa4 28. Qa2 Qc2 29. Rc1 Qxa2 0-1

[Event "2011 AB Junior Reserves Intermediate"]
[Site "Calgary"]
[Date "2011.11.05"]
[Round "1"]
[White "Li, Zeling"]
[Black "Lin, Kaining"]
[Result "0-1"]
[WhiteElo "1120"]
[BlackElo "697"]
[PlyCount "102"]
[EventDate "2011.11.05"]
[EventType "swiss"]
[EventRounds "5"]
[EventCountry "CAN"]

1. d4 d5 2. c4 c6 3. Nf3 e6 4. Bf4 Nf6 5. Nc3 Bb4 6. e3 Ne4 7. Qc2 Qa5 8. a3
Bxc3+ 9. bxc3 Nxc3 10. Nd2 Ne4 11. Ra2 O-O 12. Bd3 Nxd2 13. Qxd2 Qxd2+ 14. Rxd2
Nd7 15. O-O Nf6 16. Bg5 Ne4 17. Bxe4 dxe4 18. d5 exd5 19. cxd5 f6 20. Bf4 Rd8
21. Rfd1 cxd5 22. Rxd5 Rxd5 23. Rxd5 Be6 24. Rd6 Rc8 25. h3 Bb3 26. Rd7 g5 27.
Bg3 Rc1+ 28. Kh2 Ra1 29. Rxb7 Rxa3 30. Bd6 Ra6 31. Rxb3 Rxd6 32. Rb8+ Kg7 33.
Rb7+ Kh6 34. Rxa7 Rd2 35. Kg3 Kg6 36. Ra8 h5 37. f4 h4+ 38. Kh2 gxf4 39. exf4
e3 40. Ra1 e2 41. Re1 Kf5 42. g3 hxg3+ 43. Kxg3 Ke4 44. Kf2 Kxf4 45. Kg2 Ke3
46. h4 Rd1 47. Rxe2+ Kxe2 48. Kg3 Rd8 49. Kg4 Ke3 50. Kf5 Rh8 51. Kxf6 Rxh4 0-1

[Event "2011 AB Junior Reserves Intermediate"]
[Site "Calgary"]
[Date "2011.11.05"]
[Round "1"]
[White "Ting, Mark"]
[Black "Lalla, Seth"]
[Result "1-0"]
[WhiteElo "1342"]
[BlackElo "767"]
[PlyCount "45"]
[EventDate "2011.11.05"]
[EventType "swiss"]
[EventRounds "5"]
[EventCountry "CAN"]

1. e4 e5 2. Nf3 Nc6 3. Bc4 Nf6 4. Ng5 d5 5. exd5 Nxd5 6. Nxf7 Qd7 7. Nxh8 Qd6
8. Nf7 Qg6 9. Bxd5 Bg4 10. Bf3 Qxf7 11. Bxg4 Bc5 12. Qf3 Nd4 13. Qxf7+ Kxf7 14.
Bd1 Rd8 15. c3 Nf5 16. b4 Bb6 17. Bb3+ Kg6 18. Na3 Kg5 19. Nc4 Kf4 20. d4+ Ke4
21. f3+ Kd3 22. Bd2 exd4 23. Ne5# 1-0

[Event "2011 AB Junior Reserves Intermediate"]
[Site "Calgary"]
[Date "2011.11.05"]
[Round "1"]
[White "Wang, Kaixin"]
[Black "Yao, David"]
[Result "0-1"]
[WhiteElo "728"]
[BlackElo "1184"]
[PlyCount "73"]
[EventDate "2011.11.05"]
[EventType "swiss"]
[EventRounds "5"]
[EventCountry "CAN"]

1. e4 e5 2. Bc4 Nf6 3. d3 Bc5 4. Nf3 d6 5. Be3 Bxe3 6. fxe3 O-O 7. O-O Bg4 8.
Nbd2 Nc6 9. c3 Re8 10. Qb3 Qd7 11. Ng5 Re7 12. h3 Bh5 13. Bb5 a6 14. Bxc6 Qxc6
15. Nc4 Be2 16. Rfe1 Bxd3 17. Na5 Qb6 18. Qxb6 cxb6 19. Nxb7 h6 20. Nf3 Nxe4
21. Rad1 Rxb7 22. Rxd3 Rd8 23. Nxe5 Re8 24. Nc4 Re6 25. Red1 a5 26. Nxd6 Nxd6
27. Rxd6 Rxe3 28. Kf2 Re6 29. Rd7 Rxd7 30. Rxd7 Kf8 31. Ra7 g5 32. c4 Rg6 33.
c5 Rc6 34. cxb6 Rxb6 35. Rxa5 Rxb2+ 36. Kg3 f5 37. Kf3 0-1

[Event "2011 AB Junior Reserves Intermediate"]
[Site "Calgary"]
[Date "2011.11.05"]
[Round "1"]
[White "Zhang, Derek"]
[Black "Kostek, Daniel"]
[Result "1-0"]
[WhiteElo "1100"]
[BlackElo "847"]
[PlyCount "55"]
[EventDate "2011.11.05"]
[EventType "swiss"]
[EventRounds "5"]
[EventCountry "CAN"]

1. e4 e5 2. Nf3 Nf6 3. Nxe5 Bd6 4. d4 Nxe4 5. Qe2 f5 6. f3 Bxe5 7. fxe4 Qh4+ 8.
Kd1 Qg4 9. Qxg4 fxg4 10. dxe5 Nc6 11. Bf4 d6 12. exd6 g3 13. Bxg3 Bg4+ 14. Be2
h5 15. Bxg4 hxg4 16. dxc7 Ne7 17. Na3 Nc6 18. Nc4 O-O 19. Nd6 Nd4 20. c8=Q
Raxc8 21. Nxc8 Rxc8 22. c3 Nb5 23. e5 Rd8+ 24. Kc2 Nd4+ 25. cxd4 Rc8+ 26. Kd3
b5 27. e6 Re8 28. Rae1 1-0

[Event "2011 AB Junior Reserves Intermediate"]
[Site "Calgary"]
[Date "2011.11.05"]
[Round "1"]
[White "Zhao, Ian"]
[Black "Grossmann, Lenard"]
[Result "0-1"]
[WhiteElo "768"]
[BlackElo "1387"]
[PlyCount "52"]
[EventDate "2011.11.05"]
[EventType "swiss"]
[EventRounds "5"]
[EventCountry "CAN"]

1. e4 e5 2. Nf3 Nc6 3. Bc4 Nf6 4. Nc3 Bc5 5. d3 d6 6. Bg5 Be6 7. Nd5 Bxd5 8.
Bxd5 Nd4 9. c3 c6 10. cxd4 Bb4+ 11. Nd2 cxd5 12. O-O h6 13. Bh4 g5 14. Bg3 Bxd2
15. Qxd2 dxe4 16. Rfe1 exd4 17. dxe4 Qb6 18. e5 dxe5 19. Bxe5 O-O 20. Qxd4 Qxd4
21. Bxd4 Nd5 22. Re5 Nf4 23. Be3 Nd3 24. Rb5 b6 25. Rd1 Rad8 26. h4 f6 0-1

[Event "2011 AB Junior Reserves Intermediate"]
[Site "Calgary"]
[Date "2011.11.05"]
[Round "2"]
[White "Lalla, Seth"]
[Black "Libre, Raphael"]
[Result "0-1"]
[WhiteElo "763"]
[BlackElo "618"]
[PlyCount "64"]
[EventDate "2011.11.05"]
[EventType "swiss"]
[EventRounds "5"]
[EventCountry "CAN"]

1. e4 e5 2. Nc3 Nf6 3. Bc4 Bb4 4. a3 Bxc3 5. dxc3 Nxe4 6. Qd5 Nd6 7. Qxe5+ Kf8
8. Qd4 Qe7+ 9. Ne2 Nf5 10. Qd5 Nd6 11. Bg5 f6 12. Bf4 Nxc4 13. Qxc4 d6 14. h3
g5 15. Bd2 Be6 16. Qe4 d5 17. Qe3 f5 18. Qd4 Rg8 19. O-O-O c5 20. Qa4 Bd7 21.
Qb3 Qxe2 22. Rhf1 b6 23. Qxd5 Bc6 24. Qd8+ Kf7 25. Qc7+ Kf6 26. Qxh7 Na6 27.
Qh6+ Rg6 28. Bxg5+ Kf7 29. Qh7+ Rg7 30. Qxf5+ Kg8 31. Bh6 Be4 32. Rfe1 Qxc2#
0-1

[Event "2011 AB Junior Reserves Intermediate"]
[Site "Calgary"]
[Date "2011.11.05"]
[Round "2"]
[White "Lin, Kaining"]
[Black "Vaganov, John"]
[Result "1-0"]
[WhiteElo "697"]
[BlackElo "978"]
[PlyCount "61"]
[EventDate "2011.11.05"]
[EventType "swiss"]
[EventRounds "5"]
[EventCountry "CAN"]

1. e4 e5 2. Nf3 Nc6 3. Bc4 Nf6 4. d3 Bc5 5. O-O O-O 6. Bg5 Re8 7. Nc3 Nd4 8.
Nd5 Be7 9. Nxe5 Nxd5 10. Bxd5 Rf8 11. Bxe7 Qxe7 12. Nf3 Nxf3+ 13. Qxf3 c6 14.
Bb3 d6 15. a4 Be6 16. Bxe6 Qxe6 17. a5 f5 18. a6 b6 19. exf5 Rxf5 20. Qxc6 Rc8
21. Qb7 Rf7 22. Qe4 Qxe4 23. dxe4 Rxc2 24. b4 Rb2 25. Rfb1 Rfxf2 26. Rc1 Rbe2
27. Rc8+ Rf8 28. Rxf8+ Kxf8 29. Rd1 Ke7 30. Rd4 Ke6 31. Kf1 1-0

[Event "2011 AB Junior Reserves Intermediate"]
[Site "Calgary"]
[Date "2011.11.05"]
[Round "2"]
[White "Yao, David"]
[Black "Ting, Mark"]
[Result "0-1"]
[WhiteElo "1184"]
[BlackElo "1342"]
[PlyCount "50"]
[EventDate "2011.11.05"]
[EventType "swiss"]
[EventRounds "5"]
[EventCountry "CAN"]

1. d4 d5 2. c4 dxc4 3. e4 e5 4. dxe5 Qxd1+ 5. Kxd1 Nc6 6. Nf3 f5 7. exf5 Bxf5
8. Bxc4 O-O-O+ 9. Ke1 Nd4 10. Nxd4 Rxd4 11. Bxg8 Rxg8 12. Be3 Rd5 13. f4 Bc2
14. Nc3 Rd3 15. Kf2 Rd7 16. Rac1 Bf5 17. Kg1 Rd3 18. Bxa7 g5 19. Rf1 gxf4 20.
Rxf4 Bh3 21. Rf2 b6 22. Kf1 Bc5 23. Rc2 Rd7 24. Ne4 Bd4 25. Rc1 Bxe5 0-1

[Event "2011 AB Junior Reserves Intermediate"]
[Site "Calgary"]
[Date "2011.11.05"]
[Round "3"]
[White "Grossmann, Lenard"]
[Black "Wang, Kaixin"]
[Result "0-1"]
[WhiteElo "1387"]
[BlackElo "697"]
[PlyCount "100"]
[EventDate "2011.11.05"]
[EventType "swiss"]
[EventRounds "5"]
[EventCountry "CAN"]

1. d4 d5 2. c4 c6 3. Nc3 Nf6 4. Bg5 e6 5. Nf3 Be7 6. e3 O-O 7. Bd3 dxc4 8. Bxc4
b5 9. Bd3 Nbd7 10. Ne4 Nxe4 11. Bxe7 Qxe7 12. Bxe4 Bb7 13. Qc2 Nf6 14. Bxc6
Rac8 15. Ne5 Qb4+ 16. Ke2 Rc7 17. a3 Qd6 18. Rac1 Rfc8 19. e4 Bxc6 20. Nxc6
Rxc6 21. Qd3 Rxc1 22. Rxc1 Rxc1 23. e5 Qc6 24. exf6 Qc2+ 25. Qd2 Qxd2+ 26. Kxd2
Rf1 27. Ke2 Rb1 28. b4 Ra1 29. fxg7 Rxa3 30. f4 Rb3 31. g4 Rxb4 32. Ke3 f5 33.
gxf5 exf5 34. d5 Kxg7 35. d6 Kf7 36. Kd3 Ke6 37. Kc3 Rxf4 38. d7 Ke7 39. Kb3
Ra4 40. Kc3 f4 41. Kd3 b4 42. Kd2 b3 43. Kd1 f3 44. h4 b2 45. Kc2 f2 46. Kxb2
f1=Q 47. Kb3 Qc4+ 48. Kb2 Rb4+ 49. Ka1 Qc1+ 50. Ka2 Qb2# 0-1

[Event "2011 AB Junior Reserves Intermediate"]
[Site "Calgary"]
[Date "2011.11.05"]
[Round "3"]
[White "Kostek, Daniel"]
[Black "Lalla, Seth"]
[Result "1/2-1/2"]
[WhiteElo "847"]
[BlackElo "843"]
[PlyCount "23"]
[EventDate "2011.11.05"]
[EventType "swiss"]
[EventRounds "5"]
[EventCountry "CAN"]

1. e4 e5 2. Bc4 Nf6 3. Qe2 Nc6 4. Bb3 Na5 5. Ba4 c6 6. c3 a6 7. b4 b5 8. bxa5
bxa4 9. d4 Qxa5 10. Bg5 h6 11. Bxf6 gxf6 12. Qf3 1/2-1/2

[Event "2011 AB Junior Reserves Intermediate"]
[Site "Calgary"]
[Date "2011.11.05"]
[Round "3"]
[White "Libre, Raphael"]
[Black "Lin, Kaining"]
[Result "0-1"]
[WhiteElo "618"]
[BlackElo "697"]
[PlyCount "44"]
[EventDate "2011.11.05"]
[EventType "swiss"]
[EventRounds "5"]
[EventCountry "CAN"]

1. e4 e5 2. Nf3 Nc6 3. Bc4 Bc5 4. Ng5 Qxg5 5. O-O d6 6. d4 Qg6 7. dxc5 Bh3 8.
Qf3 Be6 9. Bxe6 Qxe6 10. Nc3 dxc5 11. Nd5 O-O-O 12. Be3 Nge7 13. c4 Nd4 14. Qg3
Ne2+ 15. Kh1 Nxg3+ 16. fxg3 Nxd5 17. cxd5 Qg4 18. Bxc5 h5 19. Rxf7 h4 20. gxh4
Rxh4 21. Re7 Rxh2+ 22. Kxh2 Qh4+ 0-1

[Event "2011 AB Junior Reserves Intermediate"]
[Site "Calgary"]
[Date "2011.11.05"]
[Round "3"]
[White "Ting, Mark"]
[Black "Zhang, Derek"]
[Result "0-1"]
[WhiteElo "1342"]
[BlackElo "912"]
[PlyCount "84"]
[EventDate "2011.11.05"]
[EventType "swiss"]
[EventRounds "5"]
[EventCountry "CAN"]

1. e4 e5 2. Nf3 Nc6 3. Bc4 Nf6 4. Ng5 d5 5. exd5 Na5 6. Bb5+ c6 7. dxc6 Nxc6 8.
Bc4 Nd5 9. Nxf7 Kxf7 10. Qf3+ Ke6 11. Nc3 Nce7 12. d4 Qd6 13. Bg5 exd4 14. Bxe7
Qe5+ 15. Qe4 Qxe4+ 16. Nxe4 Bxe7 17. O-O-O b5 18. Bxb5 Nf4 19. Bc4+ Ke5 20. g3
Ne2+ 21. Bxe2 Kxe4 22. Rd3 Ba6 23. Bf3+ Kf5 24. Rxd4 Rab8 25. Rf4+ Kg6 26. Be4+
Kh6 27. Rf5 Bb7 28. Bxb7 Rxb7 29. Re1 g6 30. Rf7 Bg5+ 31. f4 Rxf7 32. fxg5+
Kxg5 33. c4 Rd8 34. b3 Rf2 35. Re7 Rxa2 36. Rxh7 Rf8 37. Rd7 Rxh2 38. Rd2 Rf1+
39. Kc2 Rxd2+ 40. Kxd2 Rf3 41. b4 Rxg3 42. c5 Kf6 0-1

[Event "2011 AB Junior Reserves Intermediate"]
[Site "Calgary"]
[Date "2011.11.05"]
[Round "3"]
[White "Vaganov, John"]
[Black "Li, Zeling"]
[Result "1-0"]
[WhiteElo "978"]
[BlackElo "1031"]
[PlyCount "71"]
[EventDate "2011.11.05"]
[EventType "swiss"]
[EventRounds "5"]
[EventCountry "CAN"]

1. d4 d5 2. c4 dxc4 3. e4 Nc6 4. Be3 Nf6 5. Nc3 e6 6. a3 a6 7. Bxc4 b5 8. e5
Nd5 9. Bxd5 exd5 10. Nge2 b4 11. Na2 bxa3 12. bxa3 Bxa3 13. Qa4 Bb2 14. Qxc6+
Bd7 15. Qc2 Bxa1 16. O-O Bxd4 17. Bxd4 Qg5 18. Ng3 Rc8 19. f4 Qe7 20. Bc5 Qe6
21. Nh5 Qf5 22. Nxg7+ Kd8 23. Nxf5 Re8 24. Ng7 Rg8 25. Qxh7 Re8 26. Nxe8 Bxe8
27. Qh4+ Kd7 28. Nb4 Rb8 29. Qe7+ Kc8 30. Qxe8+ Kb7 31. Qc6+ Kc8 32. Qxa6+ Rb7
33. Nc6 d4 34. Qa8+ Kd7 35. Nxd4 f6 36. Qxb7 1-0

[Event "2011 AB Junior Reserves Intermediate"]
[Site "Calgary"]
[Date "2011.11.05"]
[Round "3"]
[White "Zhao, Ian"]
[Black "Yao, David"]
[Result "1-0"]
[WhiteElo "768"]
[BlackElo "1184"]
[PlyCount "25"]
[EventDate "2011.11.05"]
[EventType "swiss"]
[EventRounds "5"]
[EventCountry "CAN"]

1. e4 e5 2. Nf3 Nf6 3. Nc3 Nc6 4. Bc4 Bc5 5. d3 O-O 6. Bg5 h6 7. Bh4 d6 8. Nd5
Be6 9. Nxf6+ gxf6 10. Qc1 Ne7 11. Qxh6 Ng6 12. Bxe6 Qe7 13. Qxg6+ 1-0

[Event "2011 AB Junior Reserves Intermediate"]
[Site "Calgary"]
[Date "2011.11.06"]
[Round "4"]
[White "Vaganov, John"]
[Black "Wang, Kaixin"]
[Result "0-1"]
[WhiteElo "978"]
[BlackElo "728"]
[PlyCount "74"]
[EventDate "2011.11.05"]
[EventType "swiss"]
[EventRounds "5"]
[EventCountry "CAN"]

1. d4 d5 2. c4 c6 3. Nc3 Nf6 4. Nf3 Nbd7 5. Bg5 e6 6. a3 Be7 7. Bxf6 Nxf6 8. e3
O-O 9. Bd3 dxc4 10. Bxc4 b5 11. Be2 Bb7 12. O-O Qc7 13. Ne5 a6 14. f4 Rad8 15.
Bf3 c5 16. Bxb7 Qxb7 17. Nf3 Ng4 18. Qe2 cxd4 19. Nxd4 Nf6 20. Rad1 Bc5 21. Nb3
Bb6 22. Rxd8 Rxd8 23. Rd1 Rf8 24. Kh1 Qa7 25. e4 Qb7 26. f5 exf5 27. exf5 Re8
28. Qd2 Ng4 29. Rf1 Rd8 30. Qe2 Ne3 31. Re1 Qc7 32. Nd2 g6 33. f6 h5 34. Nce4
Ng4 35. g3 Be3 36. Ng5 Qc6+ 37. Nde4 Rd2 0-1

[Event "2011 AB Junior Reserves Intermediate"]
[Site "Calgary"]
[Date "2011.11.06"]
[Round "5"]
[White "Grossmann, Lenard"]
[Black "Yao, David"]
[Result "1/2-1/2"]
[WhiteElo "1387"]
[BlackElo "1184"]
[PlyCount "134"]
[EventDate "2011.11.05"]
[EventType "swiss"]
[EventRounds "5"]
[EventCountry "CAN"]

1. e4 e5 2. Nf3 Nf6 3. Nc3 d6 4. Bc4 Be7 5. d3 O-O 6. O-O Bg4 7. h3 Bh5 8. Be3
Nc6 9. g4 Nxg4 10. Re1 Nxe3 11. fxe3 Qd7 12. Kg2 Rfe8 13. Rf1 Bg5 14. Qd2 Bxf3+
15. Rxf3 Rf8 16. Rg3 Bf6 17. Rf1 Be7 18. d4 Rad8 19. d5 Na5 20. Bd3 b6 21. b4
Nb7 22. Bb5 Qc8 23. Qe2 f5 24. Qh5 fxe4 25. Nxe4 Rxf1 26. Kxf1 Rf8+ 27. Kg2 Qf5
28. Qg4 Qxg4 29. Rxg4 a5 30. a3 Ra8 31. Bc6 Ra7 32. c4 Nd8 33. Bb5 axb4 34.
axb4 Ra3 35. c5 bxc5 36. bxc5 dxc5 37. Bc4 Kh8 38. Kf3 Nf7 39. d6 Nxd6 40. Nxc5
Nxc4 41. Rxc4 Bd6 42. Rb4 h6 43. Rb8+ Kh7 44. Ne6 Rc3 45. Nf8+ Bxf8 46. Rxf8
Rc4 47. Re8 Rc5 48. Ke4 Kg6 49. Re6+ Kg5 50. Rxe5+ Rxe5+ 51. Kxe5 h5 52. e4 c6
53. Kd6 c5 54. Kxc5 Kf4 55. Kd5 g5 56. e5 g4 57. hxg4 hxg4 58. e6 g3 59. e7 g2
60. e8=Q g1=Q 61. Qf7+ Kg3 62. Qg6+ Kf2 63. Qb6+ Kg2 64. Qb2+ Kh1 65. Qh8+ Qh2
66. Qa1+ Qg1 67. Qxg1+ Kxg1 1/2-1/2

[Event "2011 AB Junior Reserves Intermediate"]
[Site "Calgary"]
[Date "2011.11.06"]
[Round "5"]
[White "Lalla, Seth"]
[Black "Vaganov, John"]
[Result "0-1"]
[WhiteElo "763"]
[BlackElo "978"]
[PlyCount "120"]
[EventDate "2011.11.05"]
[EventType "swiss"]
[EventRounds "5"]
[EventCountry "CAN"]

1. e4 d5 2. Nc3 dxe4 3. Nxe4 Bf5 4. Bd3 Bxe4 5. Bxe4 Nf6 6. Bxb7 Nbd7 7. Bxa8
Qxa8 8. Nf3 Qe4+ 9. Qe2 Qxe2+ 10. Kxe2 e6 11. Re1 Bc5 12. d4 Bd6 13. Kf1 O-O
14. h3 Nb6 15. Kg1 c5 16. Be3 Nc4 17. Bc1 cxd4 18. Nxd4 Bc5 19. c3 e5 20. Nb5
a6 21. Nc7 a5 22. Na6 Bb6 23. Rd1 Ne4 24. Rf1 Ra8 25. Nc7 Bxc7 26. Re1 Ncd6 27.
c4 Bb6 28. c5 Bxc5 29. Be3 Bb4 30. Rec1 Rb8 31. Ba7 Rb7 32. Be3 Nf5 33. Rc8+
Bf8 34. Rd1 Ne7 35. Ra8 Ng6 36. Rdd8 Rxb2 37. Kh2 Rxa2 38. f3 Re2 39. fxe4 Rxe3
40. h4 Rxe4 41. Kg3 h5 42. Kh3 Rg4 43. g3 e4 44. Re8 e3 45. Rxe3 Kh7 46. Ree8
Bd6 47. Rxa5 Rxg3+ 48. Kh2 Ra3+ 49. Kg2 Rxa5 50. Rd8 Ra2+ 51. Kh3 Nf4+ 52. Kg3
Ra3+ 53. Kf2 Bc5+ 54. Ke1 Ra2 55. Rd2 Bb4 56. Kf1 Rxd2 57. Ke1 Ng2+ 58. Kf1
Ne3+ 59. Kg1 Bd6 60. Kh1 Rd1# 0-1